Statistics for Dream SMP Events and stuff

Click here to take the quiz!

General Stats

  • This quiz has been taken 307 times
  • The average score is 11 of 15

Answer Stats

HintAnswer% Correct
The one who made the server.Dream
100%
He likes beesTubbo
94%
Furry......?Fundy
93%
Who died because of DreamTommy
93%
Purple.Purpled
92%
The traitorEret
89%
The one that caused a war over a fucking petSapnap
87%
Who is now a ghostWilbur Soot
86%
The one who never talks.Callahan
85%
The one who bulit the mansion for Micheal, Ranboo, and TubboFoolish
65%
The ones that own the flower shopCpt. Puffy and Niki Nihachu
64%
The one that jumpscared Fundy while being afkJack Manifold
53%
The one person Quackity betrayedJschlatt
51%
The one who threatened DreamQuackity
38%
The one that joined the day of L'Manberg blowing upPhilza Minecraft
15%

Score Distribution

Percentile by Number Answered

Percent of People with Each Score

Your Score History

You have not taken this quiz